• 首页
  • 本馆介绍
  • 公告通知
  • 最新文献
  • 馆藏检索
  • 电子资源
  • 读者导购
  • 参考咨询
  • 我的图书馆
  • 登录
  • 详细信息显示
  • 放入我的书架
  • 预约/预借图书
  • 作者相关作品
  • 分类相关作品
  • 丛书相关作品
  • 出版社相关作品

书目信息

  • 表格格式
  • 工作单格式
  • 卡片格式
题名:
杯酒之间
    
 
作者: 杨雄威 著
分册:  
出版信息: 北京   社会科学文献出版社  2018
页数: 357页
开本: 24cm
丛书名:
单 册:
中图分类: K257.907
科图分类:
主题词: 南昌教案(1906)--研究
电子资源:
ISBN: 978-7-5201-2326-6
000 01194nam0 2200265 450
001 012001005205
005 20141008085515.0
010    @a978-7-5201-2326-6@dCNY98.00
100    @a20180714d2018 em y0chiy50 ea
101 0  @achi
102    @aCN@b110000
105    @ay z 001yy
106    @ar
200 1  @a杯酒之间@9bei jiu zhi jian@e清末南昌教案研究@dThe last supper@ea study on the nanchang murders in the late Qing dynasty@f杨雄威著@zeng
210    @a北京@c社会科学文献出版社@d2018
215    @a357页@d24cm
314    @a杨雄威 (1977-),河北曲阳人,历史学博士,上海大学历史系副教授。在《历史研究》、《近代史研究》等刊物上发表论文20余篇。
330    @a本书考察并分析了各种相关叙述文本,对其史实进行了详细的考证,在此基础上,通过建立历史脉络和时代剖面的纵横双向坐标,以及通过区分事实、认知和言说的三层叙事,完成了对南昌教案的深度和立体诠释。
510 1  @aLast supper@ea study on the nanchang murders in the late Qing dynasty@zeng
517 1  @a清末南昌教案研究@9qing mo nan chang jiao an yan jiu
606 0  @a南昌教案(1906)@x研究
690    @aK257.907@v5
701  0 @a杨雄威@9yang xiong wei@f(1977-)@4著
801  0 @aCN@b上海新华@c20180901
905    @b1173124-7@dK257.907@e59@f4
    
    杯酒之间:清末南昌教案研究=The last supper:a study on the nanchang murders in the late Qing dynasty/杨雄威著.-北京:社会科学文献出版社,2018
    357页;24cm
    
    
    ISBN 978-7-5201-2326-6:CNY98.00
    本书考察并分析了各种相关叙述文本,对其史实进行了详细的考证,在此基础上,通过建立历史脉络和时代剖面的纵横双向坐标,以及通过区分事实、认知和言说的三层叙事,完成了对南昌教案的深度和立体诠释。
●
相关链接 在E读中查询图书 在五车中查询图书 在当当中查询图书 在豆瓣中查询图书


正题名:杯酒之间     索取号:K257.907/59         预约/预借

序号 登录号 条形码 馆藏地/架位号 状态 备注
1 1173124   211731241   第二样本阅览室/ [索取号:K257.907/59] 在馆    
2 1173125   211731250   密集书库-史法系/ [索取号:K257.907/59] 在馆    
3 1173126   211731269   第二借阅区/ [索取号:K257.907/59] 在馆    
4 1173127   211731278   第二借阅区/ [索取号:K257.907/59] 在馆    
唐山师范学院图书馆 欢迎您!
大连网信软件有限公司© 版权所有